000 00591nam a22001937a 4500
005 20240313145020.0
010 _aENG-139370
020 _c1299.00
_a9789355011886
035 _aEN-122902
037 _bDBAD/PUB
082 _a330
100 _aAhuja,HL
_963279
245 _aModern Economics:
_bAn Analytical Study/
_cBy HL Ahuja
250 _a20
260 _aNew Delhi
_bS. Chand and company Ltd.
_c2022
270 _aB-1 ,House No.D-1,Ground Floor,Mohan Cooperative Industrial Estate
_bNew DElhi
_e110044
300 _a912p.
_c25cm(hb)
942 _2ddc
_cEN
_mAHU
_h330
999 _c200911
_d200911